[Event "Seville-ch (Women)/U18"]
[Site "Seville"]
[Date "2024.09.15"]
[Round "2"]
[White "Linan Molina, Daniel"]
[Black "Lopez Cueto, Julio"]
[Result "1/2-1/2"]
[WhiteElo "2077"]
[BlackElo "1913"]
[PlyCount "87"]
[EventDate "2024.09.08"]
[EventType "swiss"]
[EventRounds "8"]
[EventCountry "ESP"]
[SourceTitle "EXT 2025"]
[Source "ChessBase"]
[SourceDate "2024.10.14"]
[SourceVersion "1"]
[SourceVersionDate "2024.10.14"]
[SourceQuality "1"]

1. e4 e5 2. Nf3 Nc6 3. Nc3 Nf6 4. Bb5 Nd4 5. 0-0 Nxb5 6. Nxb5 c6 7. Nc3 d6 8. d4 Qc7 9. a4 Bg4 10. Be3 a5 11. h3 Bh5 12. Qe2 Be7 13. Rae1 0-0 14. Kh1 Rfe8 15. g4 Bg6 16. Nd2 d5 17. f4 exf4 18. Bxf4 Qd7 19. e5 Bb4 20. Qf2 Ne4 21. Ncxe4 Bxe4+ 22. Nxe4 Bxe1 23. Nf6+ gxf6 24. Qxe1 fxe5 25. Bxe5 Qe6 26. Qh4 Qg6 27. Rf5 Kf8 28. Qg3 Re6 29. h4 h5 30. Rxh5 Qe4+ 31. Kg1 Ke7 32. Rf5 Rg8 33. Rg5 Rxg5 34. hxg5 Qxc2 35. Qa3+ Kd7 36. Qf8 Re7 37. Qb8 Qd1+ 38. Kf2 Qd2+ 39. Kf3 Qd3+ 40. Kf2 Qd2+ 41. Kf3 Qd3+ 42. Kf2 Qd2+ 43. Kf3 Qd3+ 44. Kf2 1/2-1/2

[Event "ESP-chT CECLUB Div2"]
[Site "Linares"]
[Date "2024.08.13"]
[Round "3.24"]
[White "Linan Molina, Daniel"]
[Black "Perez Perez, Gabriel"]
[Result "1/2-1/2"]
[WhiteElo "2076"]
[BlackElo "2170"]
[PlyCount "68"]
[EventDate "2024.08.11"]
[EventType "team-swiss"]
[EventRounds "7"]
[EventCountry "ESP"]
[SourceTitle "CBM 221 Extra"]
[Source "ChessBase"]
[SourceDate "2024.09.30"]
[SourceVersion "1"]
[SourceVersionDate "2024.09.30"]
[SourceQuality "1"]
[WhiteTeam "Casa del Ajedrez de Sevilla"]
[BlackTeam "Ebano Barrio Nuevo"]
[WhiteTeamCountry "ESP"]
[BlackTeamCountry "ESP"]

1. e4 e5 2. Nf3 Nc6 3. Nc3 Nf6 4. Bb5 Bc5 5. 0-0 Nd4 6. Nxe5 0-0 7. Bc4 d6 8. Nf3 Bg4 9. Be2 Nxe2+ 10. Qxe2 Re8 11. d3 d5 12. Bg5 c6 13. h3 Bh5 14. Qd1 dxe4 15. Nxe4 Be7 16. Ng3 Bg6 17. Nh4 Qd4 18. Nxg6 hxg6 19. c3 Qd5 20. Qd2 Rad8 21. Rfd1 c5 22. Nf1 Bd6 23. Bf4 Bxf4 24. Qxf4 Re2 25. Ne3 Qc6 26. c4 Rxb2 27. Qe5 Rb6 28. d4 cxd4 29. Rxd4 Rxd4 30. Qxd4 Qd6 31. Qc3 Qb4 32. Qe5 Qd6 33. Qc3 Qb4 34. Qe5 Qd6 1/2-1/2

[Event "ESP-ch U18"]
[Site "Salobrena"]
[Date "2023.08.04"]
[Round "7"]
[White "Lorente Serrano, Rosa Adela"]
[Black "Linan Molina, Daniel"]
[Result "0-1"]
[WhiteElo "1939"]
[BlackElo "2075"]
[PlyCount "76"]
[EventDate "2023.07.31"]
[EventType "swiss"]
[EventRounds "9"]
[EventCountry "ESP"]
[SourceTitle "CBM 215 Extra"]
[Source "ChessBase"]
[SourceDate "2023.09.30"]
[SourceVersion "1"]
[SourceVersionDate "2023.09.30"]
[SourceQuality "1"]

1. Nf3 d5 2. g3 Nf6 3. Bg2 Bf5 4. 0-0 c6 5. c4 e6 6. b3 Be7 7. Bb2 0-0 8. d3 h6 9. Nbd2 a5 10. a3 Na6 11. Re1 Nc5 12. Bc3 Bh7 13. b4 axb4 14. axb4 Na6 15. Qb3 dxc4 16. dxc4 Qb6 17. c5 Qc7 18. e4 b6 19. cxb6 Qxb6 20. Rab1 Qb7 21. Nd4 Rfc8 22. Nc2 Nc7 23. Nc4 Nb5 24. Ba1 Ra6 25. Nd4 Rxa1 26. Rxa1 Nxd4 27. Qb2 c5 28. Rab1 Bxe4 29. Bxe4 Nxe4 30. Na5 Qd5 31. Red1 Nc3 32. Qxc3 Ne2+ 33. Kf1 Nxc3 34. Rxd5 exd5 35. Re1 Kf8 36. bxc5 Rxc5 37. Nb3 Rb5 38. Nd4 Rb1 0-1

[Event "Seville City-ch Blitz"]
[Site "Seville"]
[Date "2023.02.28"]
[Round "8"]
[White "Jimenez Aguilar, Jose Antonio"]
[Black "Linan Molina, Daniel"]
[Result "0-1"]
[WhiteElo "1793"]
[BlackElo "2088"]
[PlyCount "53"]
[EventDate "2023.02.28"]
[EventType "swiss (blitz)"]
[EventRounds "10"]
[EventCountry "ESP"]
[SourceTitle "CBM 213 Extra"]
[Source "ChessBase"]
[SourceDate "2023.05.31"]
[SourceVersion "1"]
[SourceVersionDate "2023.05.31"]
[SourceQuality "1"]

1. e4 c6 2. d4 d5 3. e5 Bf5 4. Bd3 Bxd3 5. Qxd3 e6 6. f4 c5 7. c3 Nc6 8. Nf3 h5 9. f5 exf5 10. Qxf5 Nge7 11. Qf4 Ng6 12. Qf5 Nge7 13. Qf4 Qb6 14. 0-0 0-0-0 15. dxc5 Qxc5+ 16. Be3 Qb5 17. b3 g6 18. Qxf7 Nf5 19. Bf2 Bc5 20. Qxg6 Bxf2+ 21. Rxf2 Ne3 22. a4 Qxb3 23. Nbd2 Qxc3 24. Re1 Ng4 25. Rfe2 Qc5+ 26. Kf1 Rdf8 27. Rd1 0-1

[Event "Seville City-ch Rapid"]
[Site "Seville"]
[Date "2023.02.28"]
[Round "6"]
[White "Linan Molina, Daniel"]
[Black "Munoz Garcia, Jesus"]
[Result "1-0"]
[WhiteElo "2088"]
[BlackElo "1933"]
[PlyCount "95"]
[EventDate "2023.02.28"]
[EventType "swiss (rapid)"]
[EventRounds "7"]
[EventCountry "ESP"]
[SourceTitle "CBM 213 Extra"]
[Source "ChessBase"]
[SourceDate "2023.05.31"]
[SourceVersion "1"]
[SourceVersionDate "2023.05.31"]
[SourceQuality "1"]

1. e4 c5 2. Nf3 Nc6 3. Bb5 e6 4. Bxc6 bxc6 5. d3 d5 6. c4 Nf6 7. Qe2 Be7 8. 0-0 0-0 9. Nc3 Bb7 10. b3 Qa5 11. Bd2 Qa3 12. Na4 Rfe8 13. Ne1 dxe4 14. Nc2 exd3 15. Qxd3 Red8 16. Qc3 Ne4 17. Nxa3 Nxc3 18. Bxc3 Rd3 19. Rad1 Rad8 20. Rxd3 Rxd3 21. Nc2 f6 22. Ne3 e5 23. Rd1 Rxd1+ 24. Nxd1 Kf7 25. Ndb2 Bc8 26. Nd3 Bf5 27. Ndxc5 Bb1 28. a3 Bc2 29. Kf1 Ke8 30. Ke2 Bf5 31. f3 Kd8 32. g4 Bc8 33. b4 Kc7 34. Ne4 Be6 35. Kd3 Bf7 36. Nac5 Kb6 37. a4 Kc7 38. a5 Kc8 39. Ng3 Bg6+ 40. Nge4 Bf7 41. h4 Kc7 42. Nd2 Kd6 43. Ke3 Kc7 44. g5 Kd6 45. f4 exf4+ 46. Kxf4 fxg5+ 47. hxg5 g6 48. Be5# 1-0

[Event "ESP-chT CECLUB Div2"]
[Site "Linares"]
[Date "2022.08.26"]
[Round "6.4"]
[White "Domingo Nunez, Alejandro"]
[Black "Linan Molina, Daniel"]
[Result "1-0"]
[WhiteElo "2345"]
[BlackElo "2117"]
[PlyCount "139"]
[EventDate "2022.08.22"]
[EventType "team-swiss"]
[EventRounds "7"]
[EventCountry "ESP"]
[SourceTitle "CBM 209 Extra"]
[Source "ChessBase"]
[SourceDate "2022.09.30"]
[SourceVersion "1"]
[SourceVersionDate "2022.09.30"]
[SourceQuality "1"]
[WhiteTeam "Aimpulsa Granada"]
[BlackTeam "Sevilla Casa del Ajedrez"]
[WhiteTeamCountry "ESP"]
[BlackTeamCountry "ESP"]

1. e4 c6 2. Nf3 d5 3. Nc3 Bg4 4. h3 Bxf3 5. Qxf3 e6 6. Be2 Nf6 7. 0-0 Be7 8. Rd1 0-0 9. d4 Nbd7 10. exd5 cxd5 11. Bf4 a6 12. Bd3 b5 13. Ne2 Qb6 14. Ng3 Bd6 15. Be3 Qc7 16. Nh5 Nxh5 17. Qxh5 g6 18. Qh4 Rfe8 19. Bg5 Nb6 20. Re1 Be7 21. b3 Bxg5 22. Qxg5 Qe7 23. Qf4 b4 24. Re3 a5 25. Rae1 Nd7 26. Bb5 Rec8 27. Bd3 Re8 28. h4 Qf6 29. Qg4 h5 30. Qg3 Rac8 31. Rf3 Qg7 32. Qf4 e5 33. dxe5 Rxe5 34. Rfe3 Rce8 35. Bf1 Rxe3 36. Rxe3 Rxe3 37. Qxe3 Ne5 38. Qb6 Qf8 39. Qxa5 Qd6 40. Qa7 d4 41. Qa8+ Kg7 42. Qe4 Ng4 43. g3 Qf6 44. Qe2 Qd6 45. Qf3 Qc5 46. Qd3 Qe5 47. Qd2 Qc5 48. Bg2 Ne5 49. Qe2 Ng4 50. Bf3 Ne5 51. Be4 Qc3 52. Kg2 Qc5 53. Kg1 Qc3 54. Bd5 d3 55. cxd3 Nxd3 56. Bc4 Ne5 57. Kg2 Qa1 58. Qd2 Nc6 59. Bxf7 Kxf7 60. Qd5+ Kg7 61. Qd7+ Kh6 62. Qxc6 Qd4 63. Qc4 Qc3 64. Qa6 Kg7 65. a3 Qxb3 66. Qb7+ Kg8 67. axb4 Qc4 68. b5 Qb3 69. b6 Qb5 70. Qa8+ 1-0

[Event "ESP-ch U18"]
[Site "Salobrena"]
[Date "2022.08.02"]
[Round "3"]
[White "Linan Molina, Daniel"]
[Black "Garrido Outon, Alex"]
[Result "0-1"]
[WhiteElo "2046"]
[BlackElo "2436"]
[PlyCount "70"]
[EventDate "2022.08.01"]
[EventType "swiss"]
[EventRounds "9"]
[EventCountry "ESP"]
[SourceTitle "EXT 2023"]
[Source "ChessBase"]
[SourceDate "2022.10.05"]
[SourceVersion "1"]
[SourceVersionDate "2022.10.05"]
[SourceQuality "1"]

1. e4 c5 2. Nf3 d6 3. d4 cxd4 4. Qxd4 Nc6 5. Bb5 Bd7 6. Bxc6 Bxc6 7. Nc3 Nf6 8. Bg5 e6 9. 0-0-0 Be7 10. Rhe1 0-0 11. Qd3 Qa5 12. Bh4 Rfe8 13. Bg3 d5 14. Nd4 dxe4 15. Nxc6 bxc6 16. Qc4 Bb4 17. Bc7 Qxc7 18. Qxb4 Rab8 19. Qd4 Red8 20. Qe3 Nd5 21. Qxe4 Nxc3 22. Rxd8+ Rxd8 23. bxc3 Qa5 24. Kb2 Rb8+ 25. Kc1 Qxc3 26. Qe5 Qa3+ 27. Kd2 Rd8+ 28. Ke2 Qa6+ 29. Kf3 Qxa2 30. Rd1 Qa3+ 31. Ke2 Qa6+ 32. Kf3 Qb6 33. Rxd8+ Qxd8 34. Ke2 h6 35. Qc5 Qc7 0-1

[Event "ESP-ch U18"]
[Site "Salobrena"]
[Date "2022.08.01"]
[Round "1"]
[White "Linan Molina, Daniel"]
[Black "Garcia Sanchez, Juan Francisco"]
[Result "1-0"]
[WhiteElo "2046"]
[BlackElo "1684"]
[PlyCount "74"]
[EventDate "2022.08.01"]
[EventType "swiss"]
[EventRounds "9"]
[EventCountry "ESP"]
[SourceTitle "EXT 2023"]
[Source "ChessBase"]
[SourceDate "2022.10.05"]
[SourceVersion "1"]
[SourceVersionDate "2022.10.05"]
[SourceQuality "1"]

1. e4 e5 2. Nf3 Nf6 3. Nc3 Nc6 4. Bb5 d6 5. d4 exd4 6. Nxd4 Bd7 7. Bxc6 bxc6 8. Bg5 Be7 9. Qf3 0-0 10. e5 Nd5 11. Nxd5 Bxg5 12. Ne3 Qe8 13. exd6 cxd6 14. 0-0 Bxe3 15. fxe3 c5 16. Ne2 Bb5 17. Rfe1 Bxe2 18. Rxe2 Qe5 19. c3 Rae8 20. Rd1 Re7 21. Rd5 Qe6 22. c4 Rb8 23. Red2 Rd7 24. Qf4 Rbd8 25. e4 f6 26. R2d3 g5 27. Qf3 Re8 28. Re3 Qf7 29. h4 h6 30. hxg5 hxg5 31. Qg4 Re5 32. Red3 Rde7 33. Rxe5 dxe5 34. Qc8+ Kg7 35. Rh3 Re8 36. Qxc5 Qb7 37. Qd5 Rc8 1-0

[Event "Seville op 47th"]
[Site "Seville"]
[Date "2022.07.19"]
[Round "5"]
[White "Buscara, Sevan"]
[Black "Linan Molina, Daniel"]
[Result "1/2-1/2"]
[WhiteElo "2404"]
[BlackElo "2046"]
[PlyCount "145"]
[EventDate "2022.07.16"]
[EventType "swiss"]
[EventRounds "9"]
[EventCountry "ESP"]
[SourceTitle "CBM 209 Extra"]
[Source "ChessBase"]
[SourceDate "2022.09.30"]
[SourceVersion "1"]
[SourceVersionDate "2022.09.30"]
[SourceQuality "1"]

1. e4 c6 2. d4 d5 3. Nc3 dxe4 4. Nxe4 Nd7 5. Ng5 Ngf6 6. Bd3 e6 7. N1f3 Be7 8. Qe2 0-0 9. c3 c5 10. Be3 Qc7 11. h4 b6 12. Qc2 h6 13. Bh7+ Kh8 14. 0-0-0 c4 15. Ne5 Nxe5 16. dxe5 Qxe5 17. Bd4 Qf4+ 18. Kb1 Bb7 19. Rde1 Bxg2 20. Be5 Qxe5 21. Rxe5 Bxh1 22. Be4 Bxe4 23. Nxe4 Nxe4 24. Qxe4 Bf6 25. Rb5 Rad8 26. Qxc4 Rd1+ 27. Kc2 Rfd8 28. Qf4 Kg8 29. a4 e5 30. Qe3 Bxh4 31. Rxe5 R1d2+ 32. Kb3 Bf6 33. Re8+ Kh7 34. Qe4+ g6 35. Rxd8 Bxd8 36. f4 a5 37. f5 Rd6 38. Qb7 Kg7 39. fxg6 Rxg6 40. Qb8 Be7 41. Qc7 Bg5 42. Qh2 Re6 43. Kc4 Be7 44. Kb5 Bg5 45. Qg3 Kf6 46. Qf3+ Kg6 47. b4 axb4 48. cxb4 Be3 49. Qg3+ Kf6 50. Qh4+ Kg6 51. Qg4+ Kf6 52. Ka6 Ke7 53. Kb7 Bg5 54. Kc7 Kf6 55. a5 bxa5 56. bxa5 Be3 57. Qh4+ Kg7 58. Kb7 Rg6 59. Qd8 Re6 60. a6 Rg6 61. a7 Bxa7 62. Kxa7 Re6 63. Kb7 Rg6 64. Kc7 Re6 65. Kd7 Rg6 66. Qb8 Re6 67. Qf4 Rg6 68. Qe5+ Kg8 69. Qd4 Re6 70. Qb2 Rg6 71. Qb8+ Kg7 72. Qe5+ Kg8 73. Qc3 1/2-1/2

[Event "Seville op 47th"]
[Site "Seville"]
[Date "2022.07.17"]
[Round "2"]
[White "Linan Molina, Daniel"]
[Black "Merario Alarcon, Andres"]
[Result "0-1"]
[WhiteElo "2046"]
[BlackElo "2418"]
[PlyCount "86"]
[EventDate "2022.07.16"]
[EventType "swiss"]
[EventRounds "9"]
[EventCountry "ESP"]
[SourceTitle "CBM 209 Extra"]
[Source "ChessBase"]
[SourceDate "2022.09.30"]
[SourceVersion "1"]
[SourceVersionDate "2022.09.30"]
[SourceQuality "1"]

1. e4 c5 2. Nf3 Nc6 3. Bb5 g6 4. 0-0 Bg7 5. c3 e5 6. d3 Nge7 7. Re1 0-0 8. Nbd2 d6 9. Nb3 a6 10. Bxc6 Nxc6 11. d4 exd4 12. cxd4 c4 13. d5 Nb4 14. Nbd2 b5 15. Rf1 f5 16. Ne1 fxe4 17. Nxe4 Qe7 18. a3 Qxe4 19. axb4 Bb7 20. Nc2 Qxd5 21. Ne3 Qc6 22. Qg4 d5 23. h4 d4 24. Nd1 Rae8 25. Ra3 Re4 26. Qg3 Rxh4 27. f4 Rh5 28. Raf3 Rhf5 29. R3f2 Qe4 30. Bd2 Qc6 31. Re1 Re8 32. Rfe2 Rxe2 33. Rxe2 Rf8 34. Rf2 Qe4 35. f5 gxf5 36. Qc7 Qc6 37. Qf4 Qg6 38. Qc7 Be4 39. Bf4 Qg4 40. Rd2 c3 41. bxc3 dxc3 42. Nxc3 Bd4+ 43. Kh1 Qh4+ 0-1

[Event "ESP-ch U16"]
[Site "Salobrena"]
[Date "2021.07.23"]
[Round "8"]
[White "Linan Molina, Daniel"]
[Black "Crespo Diaz, David"]
[Result "1-0"]
[WhiteElo "1978"]
[BlackElo "1838"]
[PlyCount "89"]
[EventDate "2021.07.19"]
[EventType "swiss"]
[EventRounds "9"]
[EventCountry "ESP"]
[SourceTitle "EXT 2022"]
[Source "ChessBase"]
[SourceDate "2021.10.06"]
[SourceVersion "1"]
[SourceVersionDate "2021.10.06"]
[SourceQuality "1"]

1. e4 c5 2. Nf3 g6 3. d4 cxd4 4. Nxd4 Bg7 5. c4 Nf6 6. Nc3 Nc6 7. Be3 d6 8. Be2 0-0 9. 0-0 Bd7 10. h3 Nxd4 11. Bxd4 Bc6 12. Qc2 a5 13. Rad1 a4 14. c5 Qa5 15. cxd6 exd6 16. a3 Rfe8 17. f3 Nh5 18. Bc4 Bxd4+ 19. Rxd4 Qc5 20. Qf2 Nf4 21. Rfd1 Re5 22. h4 Rae8 23. Ba2 d5 24. Bxd5 Bxd5 25. Nxd5 Nxd5 26. Rxd5 Rxd5 27. exd5 Qb5 28. Qd4 Qd7 29. Qb4 f6 30. d6 b5 31. Qc5 Kf7 32. Qc7 Rd8 33. Kf2 h5 34. g3 Qxc7 35. dxc7 Rc8 36. Rc1 Ke6 37. Ke3 Ke5 38. Rc5+ Kd6 39. Kd4 Ke7 40. Kc3 g5 41. Kb4 Kd6 42. Kxb5 gxh4 43. gxh4 Rxc7 44. Rxc7 Kxc7 45. Kxa4 1-0

[Event "ESP-ch U16"]
[Site "Salobrena"]
[Date "2021.07.22"]
[Round "6"]
[White "Linan Molina, Daniel"]
[Black "Fuentes Guinot, Angel"]
[Result "1/2-1/2"]
[WhiteElo "1978"]
[BlackElo "1777"]
[PlyCount "63"]
[EventDate "2021.07.19"]
[EventType "swiss"]
[EventRounds "9"]
[EventCountry "ESP"]
[SourceTitle "EXT 2022"]
[Source "ChessBase"]
[SourceDate "2021.10.06"]
[SourceVersion "1"]
[SourceVersionDate "2021.10.06"]
[SourceQuality "1"]

1. e4 c6 2. d4 d5 3. exd5 cxd5 4. Bd3 Nc6 5. c3 Qc7 6. Na3 a6 7. Nc2 Nf6 8. Ne2 Bg4 9. f3 Bh5 10. Bf4 Qd7 11. 0-0 Bg6 12. Nc1 e6 13. Re1 Bd6 14. Bg5 Qc7 15. h3 Nh5 16. Ne2 0-0 17. Bh4 Na5 18. Ne3 b5 19. b3 Rfc8 20. Rc1 Rab8 21. Bxg6 hxg6 22. Qd3 Nf4 23. Nxf4 Bxf4 24. Rc2 Rb6 25. Rec1 Rc6 26. Be1 Nb7 27. Bd2 Bxe3+ 28. Bxe3 Na5 29. Bd2 Nb7 30. Be3 Na5 31. Bd2 Nb7 32. Be3 1/2-1/2

[Event "ESP-ch U16"]
[Site "Salobrena"]
[Date "2021.07.19"]
[Round "2"]
[White "Linan Molina, Daniel"]
[Black "Gonzalez Cobos, Arnau"]
[Result "1/2-1/2"]
[WhiteElo "1978"]
[BlackElo "1770"]
[PlyCount "71"]
[EventDate "2021.07.19"]
[EventType "swiss"]
[EventRounds "9"]
[EventCountry "ESP"]
[SourceTitle "EXT 2022"]
[Source "ChessBase"]
[SourceDate "2021.10.06"]
[SourceVersion "1"]
[SourceVersionDate "2021.10.06"]
[SourceQuality "1"]

1. e4 c5 2. Nf3 e6 3. g3 g6 4. Bg2 Bg7 5. 0-0 Ne7 6. Nc3 Nbc6 7. Re1 d6 8. d3 0-0 9. Bf4 a6 10. Qc1 b5 11. a3 Qc7 12. Bh6 Bb7 13. Bxg7 Kxg7 14. Qf4 Nd4 15. Rac1 Nec6 16. h4 Nxf3+ 17. Bxf3 Nd4 18. Bg2 b4 19. Nd1 bxa3 20. bxa3 e5 21. Qd2 f5 22. Nc3 f4 23. Ne2 fxg3 24. fxg3 Nf3+ 25. Bxf3 Rxf3 26. Kg2 Raf8 27. Ng1 R3f6 28. Rf1 Qf7 29. Rxf6 Qxf6 30. c4 Bc8 31. Qe2 h5 32. Rf1 Qxf1+ 33. Qxf1 Rxf1 34. Kxf1 Bg4 35. Ne2 Bxe2+ 36. Kxe2 1/2-1/2

[Event "ESP-ch U16"]
[Site "Salobrena"]
[Date "2021.07.19"]
[Round "1"]
[White "Martinez Iglesias, Pablo"]
[Black "Linan Molina, Daniel"]
[Result "0-1"]
[WhiteElo "1597"]
[BlackElo "1978"]
[PlyCount "104"]
[EventDate "2021.07.19"]
[EventType "swiss"]
[EventRounds "9"]
[EventCountry "ESP"]
[SourceTitle "EXT 2022"]
[Source "ChessBase"]
[SourceDate "2021.10.06"]
[SourceVersion "1"]
[SourceVersionDate "2021.10.06"]
[SourceQuality "1"]

1. d4 d5 2. c4 c6 3. Nf3 Nf6 4. e3 e6 5. Nc3 Nbd7 6. Bd3 dxc4 7. Bxc4 b5 8. Be2 Bb7 9. 0-0 Be7 10. b3 0-0 11. Bb2 a6 12. a3 c5 13. dxc5 Bxc5 14. b4 Be7 15. Qb3 Qb6 16. Rac1 Rac8 17. Rfd1 Rfd8 18. Ba1 Nd5 19. Nxd5 Bxd5 20. Qb1 Qb7 21. Ne1 Nb6 22. Bf3 Nc4 23. Bxd5 Rxd5 24. Rxd5 Qxd5 25. Qb3 Rd8 26. Bd4 Nxe3 27. Qxe3 Qxd4 28. Qxd4 Rxd4 29. Rc7 Bf8 30. Rc6 Rd6 31. Rc3 g6 32. g3 Rd1 33. Kf1 Kg7 34. Ke2 Rd6 35. Nd3 Be7 36. Nc5 Rc6 37. Ne4 Rxc3 38. Nxc3 Kf6 39. Kd3 Ke5 40. Ne4 Kd5 41. f3 f5 42. Nd2 Bf6 43. h3 h6 44. Nb1 Be5 45. f4 Bb2 46. Kc2 Bd4 47. Kd3 h5 48. Nd2 e5 49. fxe5 Bxe5 50. Nf1 f4 51. gxf4 Bxf4 52. h4 Ke5 0-1

[Event "Seville op 46th"]
[Site "Seville"]
[Date "2021.07.04"]
[Round "6"]
[White "Alshameary Puente, Ismael"]
[Black "Linan Molina, Daniel"]
[Result "1-0"]
[WhiteElo "2349"]
[BlackElo "1960"]
[PlyCount "106"]
[EventDate "2021.06.30"]
[EventType "swiss"]
[EventRounds "7"]
[EventCountry "ESP"]
[SourceTitle "CBM 203 Extra"]
[Source "ChessBase"]
[SourceDate "2021.09.30"]
[SourceVersion "1"]
[SourceVersionDate "2021.09.30"]
[SourceQuality "1"]

1. d4 d5 2. c4 c6 3. Nf3 Nf6 4. g3 dxc4 5. Bg2 Bf5 6. 0-0 e6 7. Nbd2 Be7 8. Nxc4 0-0 9. Qb3 b5 10. Ncd2 Qb6 11. a4 b4 12. a5 Qa6 13. Re1 Nbd7 14. e4 Bg6 15. Bf1 Qb7 16. Nh4 Rac8 17. Nxg6 hxg6 18. Nc4 Rfe8 19. Bg2 Bf8 20. Bf4 Nb8 21. Bd6 Rcd8 22. Bc5 Na6 23. Bxf8 Rxf8 24. e5 Ne8 25. Red1 Nac7 26. Ne3 Nd5 27. Bxd5 cxd5 28. Ra4 Qc7 29. Qxb4 Rb8 30. Qd2 Qb7 31. Rb1 Nc7 32. Nc2 Na6 33. b4 Qb5 34. Raa1 Nc7 35. Na3 Qd7 36. Rc1 Nb5 37. Rc5 Nxa3 38. Rxa3 Rfc8 39. Rac3 Rxc5 40. Rxc5 Qa4 41. Rc7 Rxb4 42. Qf4 Qe8 43. Rxa7 Ra4 44. a6 Ra1+ 45. Kg2 Ra4 46. h4 Ra2 47. g4 Ra1 48. h5 g5 49. Qf3 Ra4 50. Qd1 Rc4 51. Rb7 Rc8 52. a7 Qc6 53. Qb1 Ra8 1-0

[Event "ESP-ch U12"]
[Site "Salobrena"]
[Date "2017.07.10"]
[Round "2"]
[White "Zhou, Lulu"]
[Black "Linan Molina, Daniel"]
[Result "1-0"]
[WhiteElo "1929"]
[BlackElo "1539"]
[PlyCount "135"]
[EventDate "2017.07.10"]
[EventType "swiss"]
[EventRounds "9"]
[EventCountry "ESP"]
[SourceTitle "EXT 2024"]
[Source "ChessBase"]
[SourceDate "2023.10.10"]
[SourceVersion "1"]
[SourceVersionDate "2023.10.10"]
[SourceQuality "1"]

1. e4 c6 2. d4 d5 3. Nc3 dxe4 4. Nxe4 Nd7 5. Nf3 Ngf6 6. Ng3 e6 7. Bd3 Be7 8. 0-0 0-0 9. c4 c5 10. b3 Qc7 11. Qc2 b6 12. Bb2 Bb7 13. Ng5 h6 14. N5e4 Rad8 15. dxc5 bxc5 16. f4 Rfe8 17. Rad1 Nxe4 18. Bxe4 Nf6 19. Bxb7 Qxb7 20. f5 Rxd1 21. Rxd1 exf5 22. Qxf5 Qa6 23. a3 Qb6 24. Qf3 Rb8 25. Nf5 Bf8 26. Nxh6+ gxh6 27. Bxf6 Qxb3 28. Bc3 Bg7 29. Rd3 Bxc3 30. Rxc3 Qb1+ 31. Kf2 Rb2+ 32. Kg3 Qg6+ 33. Kh3 Qe6+ 34. Kh4 Qe7+ 35. Kg3 Qe5+ 36. Kh3 Qe6+ 37. g4 Qe5 38. Qg3 Qxg3+ 39. Kxg3 Kg7 40. h3 Kg6 41. Kf4 Kf6 42. Ke4 Ke6 43. Re3 Rf2 44. Kd3+ Kd6 45. Kc3 f6 46. Kb3 a6 47. Ka4 Rc2 48. Rf3 Rxc4+ 49. Kb3 Rd4 50. Rxf6+ Kd5 51. Rxh6 Rd3+ 52. Kb2 c4 53. Rh8 Ke4 54. g5 Rb3+ 55. Kc2 Rb6 56. Rh6 Rb3 57. g6 Rg3 58. Rh4+ Kf5 59. Rg4 Rxg4 60. hxg4+ Kxg6 61. Kc3 Kg5 62. Kxc4 Kxg4 63. Kc5 Kf4 64. Kb6 Ke5 65. Kxa6 Kd5 66. Kb6 Kd6 67. a4 Kd7 68. Kb7 1-0